000
00331 a2200157 4500
001
160697
020
_a
040
_c
Magnum
100
_a
Hamman, A.g.
240
1
0
_a
Os salmos com santo agostinho
_l
por
245
1
0
_a
Os salmos com santo agostinho
362
0
_a
1899
440
1
_a
Loyola
697
_a
RELIGIAO
942
_c
BK
999
_c
160697
_d
160697